| 000 | 00830nam a2200265Ia 4500 | ||
|---|---|---|---|
| 003 | OSt | ||
| 005 | 20221005083708.0 | ||
| 006 | a|||||r|||| 00| 0 | ||
| 007 | ta | ||
| 008 | 221004b |||||||| |||| 00| 0 eng d | ||
| 020 |
_a9789386473264 (pbk) _cINR 425.00 |
||
| 024 | _a68345 | ||
| 037 |
_b1284/2019-20, 18/12/2019, Vitasta Publishing Pvt. Ltd. _cTextual |
||
| 040 |
_aCRL _cCRL _beng |
||
| 041 |
_2eng _aeng |
||
| 082 | _aO111,2x, Q8 | ||
| 100 |
_aSinha D P Au. _9612756 |
||
| 245 | 0 | _aTwo classical plays from India | |
| 260 |
_aNew Delhi _bVitasta Publishing India _c2018 |
||
| 300 |
_a204p. _ccm. |
||
| 650 | _a ENGLISH LITERATURE | ||
| 650 | _aENGLISH DRAMA | ||
| 942 |
_hO111,2x, Q8 _cTEXL _2cc |
||
| 999 |
_c991394 _d991394 |
||